| 000 | 00506nam a22001817a 4500 | ||
|---|---|---|---|
| 999 |
_c19196 _d19196 |
||
| 003 | AR-CdUCM | ||
| 008 | 190516b ||||| |||| 00| 0 spa d | ||
| 040 |
_aMUNICIPALIDAD PROVINCIAL DEL CUSCO _cBIBLIOTECA MUNICIPAL DEL CUSCO |
||
| 082 |
_a869.56 / _bAR78 |
||
| 245 | _aArza (Poemas de ayer y de hoy) / | ||
| 260 |
_aCusco : _c1989. |
||
| 300 |
_a60 paginas ; _c23 cm. |
||
| 500 | _aPoemario | ||
| 650 |
_aPoesia _91598 |
||
| 650 |
_aHistoria _9136 |
||
| 942 |
_2ddc _cLIBROS |
||
| 945 |
_apjha _d2019-05-16 |
||